Score 0/12 Timer 01:30
0 Plays Today
% Correct
Leo
95.4%
Scorpio
94.6%
Taurus
91.5%
Pisces
91.2%
Gemini
90.5%
Virgo
90.1%
Cancer
88.9%
Aquarius
87.5%
Libra
78.3%
Aries
74.5%
Capricorn
72.5%
Sagittarius
71.1%
Remove Ads.
Support Sporcle.
Get the best of Sporcle when you Go Orange. This ad-free experience offers more features, more stats, and more fun while also helping to support Sporcle. Thank you for becoming a member.

You're not logged in!

Compare scores with friends on all Sporcle quizzes.
OR
Log In

Show Comments

Extras

Top Quizzes Today


Score Distribution

Your Account Isn't Verified!

In order to create a playlist on Sporcle, you need to verify the email address you used during registration. Go to your Sporcle Settings to finish the process.

Report this User

Report this user for behavior that violates our Community Guidelines.

Details: